000 00766nam a2200241 i 4500
003 DO-SdBNP
005 20250707141015.0
007 ta
008 090717s2008 dr r 000 0 spa d
040 _aDO-SdBNP
_bspa
_cBNPHU
_erda
082 4 _axxx
_bB483p
_222
100 1 _aBeras Goico, Freddy,
_d1940-2010
_eautor
_912228
_4aut.
245 1 0 _aParte de mi vida /
_cFreddy Beras Goico.
264 1 _aSanto Domingo, República Dominicana :
_bEscuela de Artes Gráficas Infotep
_c2008.
300 _avolumen ;
_c22 cm.
336 _atexto
_btxt
_2rdacontent
337 _asin mediación
_bn
_2rdamedia
338 _2rdacarrier
_avolumen
_bnc
500 _aLa biblioteca posee el volumen 1.
590 _aInventariado, 2023/ YL
910 _aYLockward
942 _2ddc
_cLBS1
999 _c55569
_d55569